000 00713nam a22002177a 4500
003 UA-OsUOA
001 72461
007 ta
008 20110118b un ||||| |||| 00| 0 ukr d
100 _aПацера М.
090 _a330(477)
_bП21
942 _cSA
040 _aUA-OsUOA
_bukr
_cUA-OsUOA
_dUA-OsUOA
245 _aПроблеми і перспективи розвитку банківської системи України в полі зору науковців
300 _aС.7-28
955 _a0
041 _aukr
080 _a330(477)
773 0 _w72459
_tВісник Національного банку України
_dК.
_d2010
_g12
650 7 _a330 Економіка взагалі
_2UDC
999 _c358764
_d358764